00369nam a2200145Ia 450000500170000000800410001702000130005808200130007110000220008424500170010625000080012326000450013130000130017650000340018920250425054650.0240331s9999 xx 000 0 und d a95596040 bSINa891 aSinhaarachchi,C.L 0aApuge lokaya a2nd aColombobDayawansa Jayakody & Sonsc1997 a338 p ., aTranslation of a Indian novel